000 00376nam a2200145Ia 4500
008 240624s9999 xx 000 0 und d
041 _aeng
082 _a658.4012 PIT
100 _aPITTS ROBERT A
245 _aSTRATEGIC MANAGEMENT BUILDING AND SUSTAI
250 _a(3rd ed.)
260 _c2003
_aSingapore
_bThomson Asia
300 _axx, : 555 : p. : cm. ; 25
365 _cRS
999 _c2068
_d2068